|
|
|
|
| LEADER |
00799nta a2200205 i 4500 |
| 001 |
dipl124357 |
| 005 |
20220407134706.0 |
| 008 |
220407s2021 hu om 0|| hun d |
| 040 |
|
|
|a SZTE Diploma Repozitórium
|b hun
|
| 041 |
|
|
|a hun
|
| 100 |
1 |
|
|a Juhász Boglárka
|
| 245 |
1 |
0 |
|a Protoflavonoid vegyületek antimikrobiális hatásainak vizsgálata
|h [elektronikus dokumentum] /
|c Boglárka Juhász
|
| 246 |
1 |
0 |
|a Investigation of the antimicrobial effects of protoflavonoid compounds
|h [elektronikus dokumentum]
|
| 260 |
|
|
|c 2021
|
| 650 |
|
4 |
|a Természettudományok
|
| 650 |
|
4 |
|a Natural sciences
|
| 650 |
|
4 |
|a Biological sciences
|
| 700 |
0 |
1 |
|a Vörös Mónika
|e ths
|
| 700 |
0 |
1 |
|a Vágvölgyi Máté
|e ths
|
| 856 |
4 |
0 |
|u https://diploma.bibl.u-szeged.hu/id/eprint/124357/1/2021_juhasz_boglarka.pdf
|z Dokumentum-elérés
|